Normal view
MARC view
Entry Personal Name
001 - CONTROL NUMBER
- control field: 10208
003 - CONTROL NUMBER IDENTIFIER
- control field: OSt
005 - DATE AND TIME OF LATEST TRANSACTION
- control field: 20211111121153.0
008 - FIXED-LENGTH DATA ELEMENTS
- fixed length control field: 211111|| aca||aabn | a|a d
040 ## - CATALOGING SOURCE
- Original cataloging agency: OSt
- Transcribing agency: OSt
100 ## - HEADING--PERSONAL NAME
- Personal name: F S Aijazuddin Ed
670 ## - SOURCE DATA FOUND
- Source citation: Work cat.: (OSt): F S Aijazuddin Ed, White House and Pakistan: Secret Declassified Documents 1969-1974, 2002